[Event "Belgrade Trophy 30th"]
[Site "Belgrade"]
[Date "2016.11.24"]
[Round "1"]
[White "Bukal, Vladimir Jr"]
[Black "Kosovac, Milan"]
[Result "1-0"]
[WhiteElo "2420"]
[BlackElo "1959"]
[PlyCount "51"]
[EventDate "2016.11.24"]
[EventType "swiss"]
[EventRounds "9"]
[EventCountry "SRB"]
[SourceTitle "CBM 175 Extra"]
[Source "ChessBase"]
[SourceDate "2016.12.12"]
[SourceVersion "1"]
[SourceVersionDate "2016.12.12"]
[SourceQuality "1"]

1. b3 d5 2. Bb2 Nc6 3. e3 Nf6 4. f4 g6 5. Bb5 Bg7 6. Nf3 Bd7 7. 0-0 0-0 8. Bxc6 Bxc6 9. Ne5 e6 10. d3 Nd7 11. Nxc6 bxc6 12. Bxg7 Kxg7 13. Nd2 Qe7 14. c4 f5 15. Rc1 c5 16. Nf3 Qf6 17. d4 cxd4 18. cxd5 Rac8 19. Nxd4 e5 20. Ne6+ Kg8 21. Nxf8 Qxf8 22. d6 c5 23. fxe5 Nxe5 24. Qd5+ Nf7 25. d7 Rc7 26. Rfd1 1-0

[Event "Belgrade Spring op"]
[Site "Belgrade"]
[Date "2011.03.27"]
[Round "5"]
[White "Kosovac, Milan"]
[Black "Elez, Sinisa"]
[Result "1/2-1/2"]
[WhiteElo "2039"]
[BlackElo "2133"]
[PlyCount "161"]
[EventDate "2011.03.23"]
[EventType "swiss"]
[EventRounds "9"]
[EventCountry "SRB"]
[SourceTitle "CBM 141 Extra"]
[Source "ChessBase"]
[SourceDate "2011.05.03"]
[SourceVersion "1"]
[SourceVersionDate "2011.05.03"]
[SourceQuality "1"]

1. d4 Nf6 2. c4 e6 3. g3 d5 4. Bg2 b6 5. a3 Bb7 6. Nc3 Be7 7. Nf3 Nbd7 8. cxd5 exd5 9. Bf4 c6 10. Qc2 0-0 11. 0-0 Re8 12. Rac1 a6 13. Rfe1 Bf8 14. Bg5 h6 15. Bf4 c5 16. Rcd1 c4 17. Nd2 b5 18. e4 dxe4 19. Ndxe4 Qb6 20. Nxf6+ Nxf6 21. Bxb7 Qxb7 22. Be5 Qb6 23. Qf5 Qe6 24. Qxe6 fxe6 25. h3 Kf7 26. Re3 Rac8 27. g4 Rc6 28. Rf3 Be7 29. Kg2 Bd8 30. Kg3 Kg6 31. h4 h5 32. gxh5+ Nxh5+ 33. Kh3 Nf6 34. Rg1+ Kf7 35. Ne4 Rh8 36. Ng5+ Ke8 37. Rh1 a5 38. Re3 Kd7 39. Nf7 Rf8 40. Nxd8 Kxd8 41. Rf3 Ke7 42. Rg1 Ne8 43. Rxf8 Kxf8 44. Kg3 b4 45. axb4 axb4 46. Kf3 c3 47. bxc3 Rxc3+ 48. Ke2 Rc2+ 49. Ke3 Rb2 50. d5 Rb3+ 51. Kd4 exd5 52. Kxd5 Rf3 53. Kc4 Rxf2 54. Kxb4 Re2 55. Bg3 Nf6 56. Kc4 Kf7 57. Kd3 Re6 58. Bf4 Ne4 59. Be3 Nd6 60. Rf1+ Kg6 61. Rg1+ Kh7 62. Bg5 Nf5 63. Ra1 Kg6 64. Ra4 Kh5 65. Rb4 Re1 66. Kd2 Rh1 67. Ke2 Nxh4 68. Bxh4 Rxh4 69. Rb1 Rf4 70. Rh1+ Kg5 71. Rg1+ Kf6 72. Rg2 g5 73. Rg1 Kf5 74. Rh1 Kg4 75. Rg1+ Kh5 76. Ke3 Rf5 77. Ke2 g4 78. Rf1 Rxf1 79. Kxf1 Kh4 80. Kg2 g3 81. Kg1 1/2-1/2

[Event "Belgrade Spring op"]
[Site "Belgrade"]
[Date "2010.04.01"]
[Round "9"]
[White "Jovicic, Radosav"]
[Black "Kosovac, Milan"]
[Result "1-0"]
[WhiteElo "2182"]
[BlackElo "2057"]
[PlyCount "66"]
[EventDate "2010.03.23"]
[EventType "swiss"]
[EventRounds "9"]
[EventCountry "YUG"]
[SourceTitle "EXT 2019"]
[Source "ChessBase"]
[SourceDate "2018.10.10"]
[SourceVersion "1"]
[SourceVersionDate "2018.10.10"]
[SourceQuality "1"]

1. d4 d5 2. c4 c6 3. Nc3 Nf6 4. Nf3 a6 5. g3 g6 6. Bg2 Bg7 7. 0-0 0-0 8. cxd5 cxd5 9. Qb3 Nc6 10. a3 Na5 11. Qa2 e6 12. Bf4 Bd7 13. Rfd1 Rc8 14. Rac1 Qe7 15. Ne5 Nh5 16. e4 dxe4 17. Be3 Nf6 18. Bg5 Qe8 19. b4 Nc6 20. Nc4 Qe7 21. d5 Nb8 22. d6 Qe8 23. Nxe4 Nxe4 24. Bxe4 f6 25. Be3 Nc6 26. Nb6 Rd8 27. Nxd7 Qxd7 28. Bxc6 bxc6 29. Qc4 Rc8 30. Qxa6 f5 31. Qa7 Qxa7 32. Bxa7 Ra8 33. Bb6 Rxa3 1-0

[Event "Belgrade Spring op"]
[Site "Belgrade"]
[Date "2010.03.30"]
[Round "7"]
[White "Milanovic, Maja"]
[Black "Kosovac, Milan"]
[Result "0-1"]
[WhiteElo "1745"]
[BlackElo "2057"]
[PlyCount "140"]
[EventDate "2010.03.23"]
[EventType "swiss"]
[EventRounds "9"]
[EventCountry "YUG"]
[SourceTitle "CBM 135 Extra"]
[Source "ChessBase"]
[SourceDate "2010.05.04"]
[SourceVersion "1"]
[SourceVersionDate "2010.05.04"]
[SourceQuality "1"]

1. e4 c6 2. d4 d5 3. exd5 cxd5 4. Bd3 Nc6 5. c3 Qc7 6. h3 g6 7. Be3 Nh6 8. Qd2 Nf5 9. Bf4 Qb6 10. Nf3 Bg7 11. 0-0 0-0 12. Re1 Qd8 13. Na3 a6 14. Nc2 Nd6 15. Ne3 e6 16. Ng4 f6 17. Bh6 Nf7 18. Bxg7 Kxg7 19. Qf4 h5 20. Ngh2 e5 21. Qg3 e4 22. Bc2 f5 23. Nd2 g5 24. Qe3 Qf6 25. Bb3 Be6 26. Qe2 g4 27. hxg4 hxg4 28. Ndf1 Rh8 29. f3 g3 30. Nxg3 Rxh2 31. Kxh2 Qh4+ 32. Kg1 Qxg3 33. Qf2 Qg6 34. Kf1 Rh8 35. Ke2 Rh2 36. Rg1 Nd6 37. Raf1 Na5 38. Bc2 Nac4 39. b3 e3 40. Qe1 Rxg2+ 41. Rxg2 Qxg2+ 42. Kd1 Qd2+ 43. Qxd2 Nxd2 44. Rg1+ Kf6 45. Ke2 f4 46. Rg6+ Kf7 47. a4 b5 48. Rh6 Ke7 49. Rh4 bxa4 50. bxa4 N6c4 51. Rxf4 Bh3 52. Ke1 Bg2 53. Ke2 Bf1+ 54. Ke1 Na3 55. Bh7 a5 56. Bg6 Nac4 57. Bc2 Nd6 58. Bg6 Bc4 59. Bc2 Ba6 60. Bg6 Nb3 61. Bc2 Nc1 62. Rh4 Nd3+ 63. Kd1 Nb2+ 64. Ke1 Nd3+ 65. Kd1 Bc4 66. Rh7+ Nf7 67. Ke2 Nb4+ 68. Kxe3 Nxc2+ 69. Kf4 Ne1 70. Kg4 Be2 0-1

[Event "Belgrade Spring op"]
[Site "Belgrade"]
[Date "2010.03.23"]
[Round "1"]
[White "Ristic, Zoran"]
[Black "Kosovac, Milan"]
[Result "0-1"]
[WhiteElo "1689"]
[BlackElo "2057"]
[PlyCount "148"]
[EventDate "2010.03.23"]
[EventType "swiss"]
[EventRounds "9"]
[EventCountry "YUG"]
[SourceTitle "CBM 135 Extra"]
[Source "ChessBase"]
[SourceDate "2010.05.04"]
[SourceVersion "1"]
[SourceVersionDate "2010.05.04"]
[SourceQuality "1"]

1. e4 c6 2. d4 d5 3. e5 Bf5 4. Bd3 g6 5. Bxf5 gxf5 6. f4 e6 7. Nf3 c5 8. c3 Nc6 9. a3 Qb6 10. dxc5 Bxc5 11. Qc2 Nge7 12. b4 Be3 13. Ke2 Bxc1 14. Rxc1 Rg8 15. g3 Ng6 16. Qd2 h5 17. Ng5 h4 18. Qe3 Qxe3+ 19. Kxe3 Ngxe5 20. Nd2 Ng4+ 21. Ke2 hxg3 22. hxg3 Rh8 23. Rh1 Ke7 24. a4 f6 25. Ngf3 e5 26. b5 Na5 27. Rae1 Kd6 28. fxe5+ fxe5 29. Ng5 Rhg8 30. Ngf3 Rac8 31. Rc1 Rc7 32. Rh5 Rf8 33. Rg5 Nc4 34. Nh4 Nxd2 35. Kxd2 Nf6 36. Rg6 Kc5 37. Ke2 Ne4 38. Nf3 Re7 39. Kd3 Nd6 40. Kc2 Rh8 41. Kb3 a6 42. Ng5 Rhe8 43. b6 Nc4 44. Nh3 Nxb6 45. Nf2 Re6 46. Nd3+ Kd6 47. Rg5 Rf8 48. Rd1 a5 49. Nb2 Kc6 50. Rg7 f4 51. gxf4 Rxf4 52. Rdg1 Nd7 53. R1g6 Nc5+ 54. Kc2 Rf2+ 55. Kb1 Ref6 56. Ka2 e4 57. Ka3 Kd6 58. Nd1 R2f3 59. Kb2 Nxa4+ 60. Kc2 Kc6 61. Ne3 Rxg6 62. Rxg6+ Kc5 63. Nd1 b6 64. Rg8 Kb5 65. Rg5 Kc4 66. Rg6 Kc5 67. Rg2 b5 68. Re2 Nb6 69. Nf2 b4 70. Nd1 Rd3 71. cxb4+ axb4 72. Nb2 Rc3+ 73. Kb1 b3 74. Nd1 Rh3 0-1

[Event "Belgrade Spring op"]
[Site "Belgrade"]
[Date "2009.03.31"]
[Round "9"]
[White "Kosovac, Milan"]
[Black "Carnic, Dejan"]
[Result "1-0"]
[WhiteElo "2029"]
[BlackElo "2184"]
[PlyCount "64"]
[EventDate "2009.03.21"]
[EventType "swiss"]
[EventRounds "9"]
[EventCountry "YUG"]
[SourceTitle "CBM 129 Extra"]
[Source "ChessBase"]
[SourceDate "2009.05.05"]
[SourceVersion "2"]
[SourceVersionDate "2009.05.20"]
[SourceQuality "1"]

1. d4 d6 2. c4 e5 3. Nc3 exd4 4. Qxd4 Nc6 5. Qd1 Be6 6. e4 g6 7. Nf3 Bg4 8. Be2 Bxf3 9. Bxf3 Bg7 10. 0-0 Nf6 11. Bg5 h6 12. Be3 0-0 13. Qd2 Kh7 14. Be2 Qe8 15. f3 Nd7 16. Rad1 Ne7 17. Nb5 Qb8 18. Bd4 Bxd4+ 19. Nxd4 a5 20. Kh1 Nc5 21. Qc2 Nc6 22. Nb5 Re8 23. Rfe1 Ne6 24. Qd2 Qd8 25. Nc3 Ncd4 26. Bf1 Qg5 27. Qf2 c5 28. Nd5 Kg7 29. h4 Qd8 30. Bd3 Nc7 31. Ne3 Nce6 32. Qg3 g5 1-0

[Event "Belgrade Spring op"]
[Site "Belgrade"]
[Date "2009.03.30"]
[Round "8"]
[White "Miladinovic, Lena"]
[Black "Kosovac, Milan"]
[Result "0-1"]
[WhiteElo "1935"]
[BlackElo "2029"]
[PlyCount "72"]
[EventDate "2009.03.21"]
[EventType "swiss"]
[EventRounds "9"]
[EventCountry "YUG"]
[SourceTitle "CBM 129 Extra"]
[Source "ChessBase"]
[SourceDate "2009.05.05"]
[SourceVersion "2"]
[SourceVersionDate "2009.05.20"]
[SourceQuality "1"]

1. e4 c5 2. Nf3 d6 3. c3 Nf6 4. h3 Nc6 5. Bd3 d5 6. e5 Ne4 7. Qe2 Bf5 8. Nh4 e6 9. Nxf5 exf5 10. Bb5 c4 11. b3 Bc5 12. Rf1 0-0 13. Bxc6 bxc6 14. bxc4 d4 15. d3 Nxc3 16. Qc2 Re8 17. f4 f6 18. Kf2 fxe5 19. fxe5 Rxe5 20. Nxc3 dxc3+ 21. Kg3 Bd4 22. Bf4 Re6 23. Rae1 Qe8 24. Qc1 Qg6+ 25. Kh2 Rae8 26. Bg3 Re2 27. Rxe2 Rxe2 28. Re1 Qe8 29. Rxe2 Qxe2 30. Qf4 Qe3 31. Qb8+ Kf7 32. Qc7+ Kg6 33. Qd6+ Kh5 34. Bf4 Qg1+ 35. Kg3 Qe1+ 36. Kh2 Bg1+ 0-1

[Event "Belgrade Spring op"]
[Site "Belgrade"]
[Date "2009.03.22"]
[Round "2"]
[White "Kosovac, Milan"]
[Black "Maksimovic, Miroslav"]
[Result "1/2-1/2"]
[WhiteElo "2029"]
[BlackElo "2269"]
[PlyCount "107"]
[EventDate "2009.03.21"]
[EventType "swiss"]
[EventRounds "9"]
[EventCountry "YUG"]
[SourceTitle "CBM 129 Extra"]
[Source "ChessBase"]
[SourceDate "2009.05.05"]
[SourceVersion "2"]
[SourceVersionDate "2009.05.20"]
[SourceQuality "1"]

1. d4 Nf6 2. Nf3 g6 3. c4 Bg7 4. Nc3 d5 5. e3 0-0 6. Be2 c5 7. cxd5 cxd4 8. Nxd4 Nxd5 9. Nxd5 Qxd5 10. Bf3 Qc4 11. Qe2 Qb4+ 12. Qd2 Na6 13. Qxb4 Nxb4 14. a3 Bxd4 15. axb4 Bb6 16. Bd2 Rb8 17. Ke2 Be6 18. Rhc1 Rfd8 19. Bc3 Bd5 20. Bxd5 Rxd5 21. Rd1 Rbd8 22. Rxd5 Rxd5 23. Rd1 Rxd1 24. Kxd1 f5 25. Ke2 Kf7 26. Kd3 Ke6 27. f3 Bc7 28. h3 Kd5 29. e4+ fxe4+ 30. fxe4+ Ke6 31. Bd4 a6 32. b3 Bd6 33. Bc3 h5 34. Ke3 Be5 35. Be1 Kd6 36. Kd3 Kc6 37. Kc4 b5+ 38. Kd3 Kd7 39. Bd2 Ke6 40. Ke3 Kf6 41. Kd3 Ke6 42. Be1 Bb2 43. Bg3 Be5 44. Be1 Bc7 45. Bh4 Bb6 46. Be1 Bg1 47. Bc3 Bh2 48. Ke3 Be5 49. Be1 Kf6 50. Bh4+ g5 51. Be1 Ke6 52. Kd3 Kf6 53. Ke3 Ke6 54. Kd3 1/2-1/2

[Event "Belgrade Spring op"]
[Site "Belgrade"]
[Date "2008.03.29"]
[Round "5"]
[White "Kosovac, Milan"]
[Black "Jovic, Branko"]
[Result "0-1"]
[WhiteElo "2035"]
[BlackElo "1766"]
[PlyCount "88"]
[EventDate "2008.03.25"]
[EventType "swiss"]
[EventRounds "9"]
[EventCountry "YUG"]
[SourceTitle "CBM 123 Extra"]
[Source "ChessBase"]
[SourceDate "2008.05.06"]
[SourceVersion "1"]
[SourceVersionDate "2008.05.06"]
[SourceQuality "1"]

1. d4 Nf6 2. Nd2 d5 3. e3 Bf5 4. c3 e6 5. Qb3 b6 6. Ngf3 Be7 7. Nh4 Bg6 8. f4 0-0 9. Nxg6 hxg6 10. Be2 Nbd7 11. 0-0 c5 12. Nf3 Ne4 13. Qd1 g5 14. g3 f5 15. Bd2 g4 16. Ne1 Ndf6 17. Bd3 c4 18. Bc2 Kf7 19. Kg2 Rh8 20. Rh1 Rh3 21. Ba4 Qh8 22. Nd3 cxd3 23. Be1 d2 24. Bxd2 Nh5 25. Be1 Qh7 26. Bc2 Nhf6 27. Kg1 Rh8 28. Qe2 Nxg3 29. Bxg3 Rxg3+ 30. Kf2 Rh3 31. Rag1 Rxh2+ 32. Rxh2 Qxh2+ 33. Rg2 Qh4+ 34. Kf1 Qh3 35. Ke1 g3 36. Rg1 Qh2 37. Qg2 Qxg2 38. Rxg2 Rh1+ 39. Ke2 Rh2 40. Kf3 Rxg2 41. Kxg2 Ne4 42. Bxe4 fxe4 43. Kxg3 g5 44. Kg4 Kg6 0-1

[Event "Belgrade Spring op"]
[Site "Belgrade"]
[Date "2007.04.01"]
[Round "7"]
[White "Kosovac, Milan"]
[Black "Bogavac, Milic"]
[Result "1-0"]
[WhiteElo "2050"]
[BlackElo "1876"]
[PlyCount "63"]
[EventDate "2007.03.26"]
[EventType "swiss"]
[EventRounds "9"]
[EventCountry "YUG"]
[SourceTitle "CBM 117 Extra"]
[Source "ChessBase"]
[SourceDate "2007.05.09"]
[SourceVersion "1"]
[SourceVersionDate "2007.05.09"]
[SourceQuality "1"]

1. Nf3 Nf6 2. d4 g6 3. c4 Bg7 4. Nc3 d6 5. e4 0-0 6. Be2 e5 7. 0-0 Nc6 8. d5 Ne7 9. Ne1 Nd7 10. f3 f5 11. g4 fxg4 12. fxg4 Rxf1+ 13. Bxf1 Nf6 14. Be2 Bd7 15. Nd3 a6 16. a4 Qc8 17. h3 Qe8 18. Kg2 Qf7 19. b4 Rc8 20. Be3 Kh8 21. b5 a5 22. Qd2 b6 23. Rf1 Qg8 24. Bg5 Rf8 25. Ne1 Rf7 26. Nf3 Qf8 27. Bh4 Neg8 28. Ng5 Re7 29. Ne6 Bxe6 30. dxe6 Rxe6 31. g5 Nxe4 32. Nxe4 1-0

[Event "Belgrade Winter op"]
[Site "Belgrade"]
[Date "2007.01.29"]
[Round "6"]
[White "Paulic, Branko"]
[Black "Kosovac, Milan"]
[Result "1/2-1/2"]
[WhiteElo "2240"]
[BlackElo "2050"]
[PlyCount "130"]
[EventDate "2007.01.24"]
[EventType "swiss"]
[EventRounds "9"]
[EventCountry "YUG"]
[SourceTitle "EXT 2010"]
[Source "ChessBase"]
[SourceDate "2010.11.25"]
[SourceVersion "1"]
[SourceVersionDate "2010.11.25"]
[SourceQuality "1"]

1. e4 c5 2. Nc3 Nc6 3. g3 g6 4. Bg2 Bg7 5. d3 d6 6. f4 Bd7 7. Nge2 e6 8. 0-0 a6 9. h3 f5 10. Be3 Bd4 11. Bf2 Bxf2+ 12. Rxf2 Qf6 13. Qd2 Nge7 14. Re1 0-0 15. Kh2 Rab8 16. a3 b5 17. Ng1 Qg7 18. h4 Nd4 19. e5 d5 20. Na2 Ndc6 21. b4 c4 22. dxc4 bxc4 23. Nf3 Na7 24. c3 Nec6 25. a4 Qe7 26. Rb1 Nd8 27. a5 Ndc6 28. Rd1 Nb5 29. Qe1 h5 30. Bf1 Rb7 31. Nc1 Kg7 32. Ne2 Rd8 33. Bg2 Bc8 34. Ned4 Nbxd4 35. Rxd4 Bd7 36. Qe3 Rdb8 37. Rd1 Rb5 38. Rfd2 R5b7 39. Bf1 Rc7 40. Be2 Na7 41. Nd4 Nc6 42. Nc2 Na7 43. Ra1 Bb5 44. Bf3 Rd7 45. Nd4 Nc6 46. Bd1 Nxd4 47. Qxd4 Rdd8 48. Kg2 Rdc8 49. Bc2 Rf8 50. Bd1 Rf7 51. Bf3 Qa7 52. Kf2 Qxd4+ 53. Rxd4 Rd8 54. Ke3 Rc7 55. Bd1 Kf7 56. Bc2 Ke7 57. Rh1 Rh8 58. Rdd1 Kd7 59. Kd4 Kc6 60. Rd2 Rf7 61. Bd1 Rc7 62. Bf3 Rd7 63. Ke3 Kc7 64. Kd4 Kc6 65. Be2 Ra7 1/2-1/2

[Event "Belgrade Winter op"]
[Site "Belgrade"]
[Date "2007.01.27"]
[Round "4"]
[White "Ivanovic, Nikola"]
[Black "Kosovac, Milan"]
[Result "1-0"]
[WhiteElo "2249"]
[BlackElo "2050"]
[PlyCount "65"]
[EventDate "2007.01.24"]
[EventType "swiss"]
[EventRounds "9"]
[EventCountry "YUG"]
[SourceTitle "EXT 2010"]
[Source "ChessBase"]
[SourceDate "2010.11.25"]
[SourceVersion "1"]
[SourceVersionDate "2010.11.25"]
[SourceQuality "1"]

1. d4 Nf6 2. c4 e6 3. Nc3 Bb4 4. e3 0-0 5. Nge2 b6 6. a3 Bxc3+ 7. Nxc3 d5 8. cxd5 exd5 9. Be2 Bf5 10. 0-0 Re8 11. b4 a5 12. Bd2 c6 13. Qb3 Nbd7 14. b5 c5 15. Nxd5 cxd4 16. Nxf6+ Qxf6 17. Bf3 Rad8 18. exd4 Qxd4 19. Be3 Qf6 20. Rac1 Be4 21. Bxe4 Rxe4 22. Rfd1 Nf8 23. Rxd8 Qxd8 24. h3 Re6 25. Rc6 Qb8 26. Qc3 Qe5 27. Qxe5 Rxe5 28. Rxb6 a4 29. Rb8 f6 30. b6 Kf7 31. Ra8 Rb5 32. Rxa4 Nd7 33. Rb4 1-0

[Event "Belgrade Winter op"]
[Site "Belgrade"]
[Date "2006.01.27"]
[Round "7"]
[White "Kosovac, Milan"]
[Black "Skare, Goran"]
[Result "0-1"]
[WhiteElo "2075"]
[BlackElo "2303"]
[PlyCount "86"]
[EventDate "2006.01.21"]
[EventType "swiss"]
[EventRounds "9"]
[EventCountry "YUG"]
[SourceTitle "CBM 110 Extra"]
[Source "ChessBase"]
[SourceDate "2006.03.10"]
[SourceVersion "2"]
[SourceVersionDate "2006.03.10"]
[SourceQuality "1"]

1. d4 d5 2. c4 c6 3. Nf3 Nf6 4. Nc3 e6 5. e3 Nbd7 6. Bd3 Bd6 7. 0-0 0-0 8. Qc2 Qe7 9. e4 dxc4 10. Bxc4 e5 11. Re1 exd4 12. Nxd4 Bxh2+ 13. Kxh2 Qe5+ 14. Kg1 Qxd4 15. Be2 Re8 16. Be3 Qb4 17. a3 Qe7 18. f3 Nb6 19. b4 Be6 20. Bg5 a5 21. Qb2 axb4 22. axb4 h6 23. Bh4 Bc4 24. Rab1 Qe6 25. Bf2 Nfd7 26. Qd2 Bxe2 27. Nxe2 Nc4 28. Qc1 b5 29. Nd4 Qg6 30. Rd1 Nde5 31. Ra1 Kh8 32. Qc3 Red8 33. Kf1 Kh7 34. Rxa8 Rxa8 35. Nf5 Ra2 36. Qd4 Qg5 37. Ne3 Rb2 38. Nxc4 Nxc4 39. Qc3 h5 40. Re1 Rb3 41. Qc2 Qg6 42. Bd4 Rxb4 43. Ra1 Rb2 0-1